[Event "British Rapidplay"]
[Site "Peterborough"]
[Date "2024.03.03"]
[Round "11"]
[White "Repasi, Zoltan Jr"]
[Black "Wells, Peter K"]
[Result "0-1"]
[WhiteElo "2141"]
[BlackElo "2351"]
[PlyCount "66"]
[EventDate "2024.03.02"]
[EventType "swiss (rapid)"]
[EventRounds "11"]
[EventCountry "ENG"]
[SourceTitle "CB10_2024"]
[SourceDate "2024.03.06"]
[SourceVersion "1"]
[SourceVersionDate "2024.03.06"]
[SourceQuality "1"]

1. d4 Nf6 2. c4 e6 3. Nf3 b6 4. g3 Ba6 5. b3 Bb4+ 6. Bd2 Be7 7. Nc3 0-0 8. e4 d5 9. e5 Ne4 10. cxd5 Nxc3 11. Bxc3 Bxf1 12. Kxf1 Qxd5 13. Qe2 Nd7 14. Kg2 b5 15. Rhe1 f5 16. Kg1 a5 17. Nd2 a4 18. Qf3 Nb6 19. Kg2 b4 20. Qxd5 Nxd5 21. Bb2 a3 22. Bc1 c5 23. Nf3 Rfc8 24. dxc5 Rxc5 25. Nd4 Kf7 26. Bd2 Rac8 27. Rad1 g5 28. f3 h5 29. h3 Rc2 30. Nxc2 Rxc2 31. Kf1 Rxa2 32. Re2 Rb2 33. Bxb4 Bxb4 0-1

[Event "British Rapidplay"]
[Site "Peterborough"]
[Date "2024.03.02"]
[Round "5"]
[White "Moreby, James"]
[Black "Wells, Peter K"]
[Result "1-0"]
[WhiteElo "2260"]
[BlackElo "2351"]
[PlyCount "55"]
[EventDate "2024.03.02"]
[EventType "swiss (rapid)"]
[EventRounds "11"]
[EventCountry "ENG"]
[SourceTitle "CB10_2024"]
[SourceDate "2024.03.06"]
[SourceVersion "1"]
[SourceVersionDate "2024.03.06"]
[SourceQuality "1"]

1. c4 e6 2. g3 d5 3. Bg2 Nf6 4. Nf3 dxc4 5. Na3 Bxa3 6. bxa3 0-0 7. Bb2 Nc6 8. Qc2 e5 9. Nxe5 Nxe5 10. Bxe5 Re8 11. Bb2 Bg4 12. e3 b5 13. a4 a6 14. axb5 axb5 15. a4 Rxa4 16. Rxa4 bxa4 17. Qxc4 Qb8 18. Qc3 Qb5 19. f3 Rb8 20. Ba1 Be6 21. Kf2 Qf5 22. Qd4 a3 23. Rc1 h5 24. Rc5 Qg6 25. h4 Rb1 26. Rg5 Qh6 27. Qd8+ Kh7 28. Qd3+ 1-0

[Event "Harrogate 4NCL op 31st"]
[Site "Harrogate"]
[Date "2024.01.21"]
[Round "4"]
[White "Wells, Peter K"]
[Black "Arkell, Keith C"]
[Result "1/2-1/2"]
[WhiteElo "2341"]
[BlackElo "2380"]
[PlyCount "35"]
[EventDate "2024.01.19"]
[EventType "swiss"]
[EventRounds "5"]
[EventCountry "ENG"]
[SourceTitle "CB05_2024"]
[SourceDate "2024.01.31"]
[SourceVersion "1"]
[SourceVersionDate "2024.01.31"]
[SourceQuality "1"]

1. d4 e6 2. Nf3 Nf6 3. c4 Bb4+ 4. Nbd2 c5 5. a3 Bxd2+ 6. Bxd2 cxd4 7. Nxd4 Ne4 8. Be3 0-0 9. g3 d5 10. Bg2 Nc6 11. 0-0 Bd7 12. cxd5 exd5 13. Rc1 Re8 14. Nb5 Bf5 15. Bf4 Re7 16. Nd4 Bd7 17. Nb3 Bf5 18. Nd4 1/2-1/2

[Event "Hull 4NCL op-A"]
[Site "Hull"]
[Date "2023.09.10"]
[Round "4"]
[White "Wells, Peter K"]
[Black "Collinson, Mark I"]
[Result "1-0"]
[WhiteElo "2341"]
[BlackElo "1818"]
[PlyCount "51"]
[EventDate "2023.09.08"]
[EventType "swiss"]
[EventRounds "5"]
[EventCountry "ENG"]
[SourceTitle "EXT 2024"]
[Source "ChessBase"]
[SourceDate "2023.10.10"]
[SourceVersion "1"]
[SourceVersionDate "2023.10.10"]
[SourceQuality "1"]

1. d4 d5 2. c4 e6 3. Nc3 c5 4. cxd5 exd5 5. Nf3 Nc6 6. g3 Nf6 7. Bg2 Be7 8. 0-0 0-0 9. dxc5 Bxc5 10. Bg5 Be6 11. Bxf6 gxf6 12. Rc1 d4 13. Ne4 Be7 14. Qd2 f5 15. Nc5 Rc8 16. Qh6 Bf6 17. Nxb7 Qe7 18. Nd6 Rc7 19. Qf4 d3 20. exd3 Nd4 21. Nxd4 Rxc1 22. Rxc1 Bg5 23. Qe5 Bf6 24. N6xf5 Bxe5 25. Nxe7+ Kg7 26. Nxe6+ 1-0

[Event "ENG-ch Chessable"]
[Site "Kenilworth"]
[Date "2023.05.27"]
[Round "4"]
[White "Wells, Peter K"]
[Black "Yoon, Jacob D"]
[Result "1/2-1/2"]
[WhiteElo "2356"]
[BlackElo "2035"]
[PlyCount "51"]
[EventDate "2023.05.26"]
[EventType "swiss"]
[EventRounds "7"]
[EventCountry "ENG"]
[SourceTitle "CBM 214 Extra"]
[Source "ChessBase"]
[SourceDate "2023.07.31"]
[SourceVersion "1"]
[SourceVersionDate "2023.07.31"]
[SourceQuality "1"]

1. d4 d5 2. c4 Nc6 3. Nf3 Bg4 4. Nc3 e6 5. Bg5 f6 6. cxd5 exd5 7. Bf4 g5 8. Bd2 Qd7 9. e3 h5 10. Bd3 Nge7 11. Na4 b6 12. Rc1 h4 13. h3 Bf5 14. Bxf5 Qxf5 15. Ng1 Qe4 16. f3 Qe6 17. Ne2 Nf5 18. 0-0 Bb4 19. e4 Bxd2 20. Qxd2 Nfe7 21. Nac3 0-0-0 22. Rfe1 Qd7 23. exd5 Nxd5 24. Nxd5 Qxd5 25. Qc2 Kb7 26. Red1 1/2-1/2

[Event "BCF-chT 2223 (4NCL)"]
[Site "England"]
[Date "2023.04.30"]
[Round "10.2"]
[White "Wells, Peter K"]
[Black "Eggleston, David"]
[Result "1/2-1/2"]
[WhiteElo "2373"]
[BlackElo "2354"]
[PlyCount "36"]
[EventDate "2022.10.22"]
[EventType "team-swiss"]
[EventRounds "11"]
[EventCountry "ENG"]
[SourceTitle "EXT 2024"]
[Source "ChessBase"]
[SourceDate "2023.10.10"]
[SourceVersion "1"]
[SourceVersionDate "2023.10.10"]
[SourceQuality "1"]
[WhiteTeam "Chessable White Rose"]
[BlackTeam "Cheddleton"]
[WhiteTeamCountry "ENG"]
[BlackTeamCountry "ENG"]

1. Nf3 Nf6 2. c4 e6 3. g3 d5 4. Bg2 Be7 5. 0-0 0-0 6. d4 dxc4 7. Qc2 a6 8. a4 Bd7 9. Bg5 Bc6 10. Rd1 b5 11. Bxf6 Bxf6 12. Nc3 b4 13. Ne4 Bxe4 14. Qxe4 Ra7 15. Ne5 c5 16. dxc5 Qc7 17. Nxc4 Qxc5 18. Rac1 Rc7 1/2-1/2

[Event "BCF-chT 2223 (4NCL)"]
[Site "England"]
[Date "2023.04.29"]
[Round "9.1"]
[White "Bobras, Piotr"]
[Black "Wells, Peter K"]
[Result "1/2-1/2"]
[WhiteElo "2490"]
[BlackElo "2373"]
[PlyCount "52"]
[EventDate "2022.10.22"]
[EventType "team-swiss"]
[EventRounds "11"]
[EventCountry "ENG"]
[SourceTitle "EXT 2024"]
[Source "ChessBase"]
[SourceDate "2023.10.10"]
[SourceVersion "1"]
[SourceVersionDate "2023.10.10"]
[SourceQuality "1"]
[WhiteTeam "Chess.com Manx Liberty"]
[BlackTeam "Chessable White Rose"]
[WhiteTeamCountry "ENG"]
[BlackTeamCountry "ENG"]

1. e4 e5 2. Nf3 Nc6 3. Bb5 a6 4. Ba4 Nf6 5. 0-0 Be7 6. Re1 b5 7. Bb3 d6 8. c3 0-0 9. h3 Bb7 10. d4 Re8 11. Ng5 Rf8 12. Nf3 Re8 13. Nbd2 Bf8 14. a3 h6 15. Bc2 Nb8 16. b4 Nbd7 17. Bb2 g6 18. a4 Nb6 19. dxe5 dxe5 20. axb5 axb5 21. Qe2 c6 22. c4 Bxb4 23. cxb5 cxb5 24. Rxa8 Bxa8 25. Qxb5 Bxd2 26. Rd1 Qc7 1/2-1/2

[Event "BCF-chT 2223 (4NCL)"]
[Site "England"]
[Date "2023.02.12"]
[Round "6.4"]
[White "Wells, Peter K"]
[Black "MacFarlane, Donald"]
[Result "1/2-1/2"]
[WhiteElo "2373"]
[BlackElo "2145"]
[PlyCount "40"]
[EventDate "2022.10.22"]
[EventType "team-swiss"]
[EventRounds "11"]
[EventCountry "ENG"]
[SourceTitle "CBM 213 Extra"]
[Source "ChessBase"]
[SourceDate "2023.05.31"]
[SourceVersion "1"]
[SourceVersionDate "2023.05.31"]
[SourceQuality "1"]
[WhiteTeam "Chessable White Rose"]
[BlackTeam "West is Best"]
[WhiteTeamCountry "ENG"]
[BlackTeamCountry "ENG"]

1. d4 Nf6 2. c4 e6 3. Nf3 Bb4+ 4. Bd2 c5 5. Bxb4 cxb4 6. g3 b6 7. Bg2 Bb7 8. 0-0 0-0 9. a3 Qe7 10. Qb3 Nc6 11. Nbd2 Rfc8 12. d5 Na5 13. Qxb4 Qxb4 14. axb4 Nxc4 15. Nxc4 Rxc4 16. Ne5 Rxb4 17. Nd3 Rb3 18. dxe6 Bxg2 19. exf7+ Kxf7 20. Kxg2 a5 1/2-1/2

[Event "BCF-chT 2223 (4NCL)"]
[Site "England"]
[Date "2023.02.11"]
[Round "5.4"]
[White "Czopor, Maciej"]
[Black "Wells, Peter K"]
[Result "1/2-1/2"]
[WhiteElo "2412"]
[BlackElo "2373"]
[PlyCount "56"]
[EventDate "2022.10.22"]
[EventType "team-swiss"]
[EventRounds "11"]
[EventCountry "ENG"]
[SourceTitle "CBM 213 Extra"]
[Source "ChessBase"]
[SourceDate "2023.05.31"]
[SourceVersion "1"]
[SourceVersionDate "2023.05.31"]
[SourceQuality "1"]
[WhiteTeam "Wood Green Youth"]
[BlackTeam "Chessable White Rose"]
[WhiteTeamCountry "ENG"]
[BlackTeamCountry "ENG"]

1. e4 e5 2. Nf3 Nc6 3. Bc4 Nf6 4. d4 exd4 5. e5 d5 6. Bb5 Ne4 7. Nxd4 Bc5 8. Be3 0-0 9. Nxc6 bxc6 10. Bxc5 Nxc5 11. Bxc6 Rb8 12. Qxd5 Qe7 13. 0-0 Rxb2 14. Nc3 Rxc2 15. Qd4 Be6 16. Rfd1 a5 17. Rab1 h5 18. Rb5 Na4 19. Nxa4 Rxc6 20. Nc5 Bxa2 21. Rxa5 Be6 22. h3 Re8 23. Qa4 Rxc5 24. Rxc5 Bb3 25. Qxb3 Qxc5 26. Rd7 Qc1+ 27. Kh2 Qf4+ 28. Qg3 Qxg3+ 1/2-1/2

[Event "Harrogate 4NCL op-A 29th"]
[Site "Harrogate"]
[Date "2023.01.22"]
[Round "5"]
[White "Southcott Moyers, Indy"]
[Black "Wells, Peter K"]
[Result "1/2-1/2"]
[WhiteElo "1870"]
[BlackElo "2370"]
[PlyCount "86"]
[EventDate "2023.01.20"]
[EventType "swiss"]
[EventRounds "5"]
[EventCountry "ENG"]
[SourceTitle "CBM 212 Extra"]
[Source "ChessBase"]
[SourceDate "2023.03.31"]
[SourceVersion "1"]
[SourceVersionDate "2023.03.31"]
[SourceQuality "1"]

1. d4 Nf6 2. c4 e6 3. Nf3 d5 4. Nc3 c6 5. cxd5 exd5 6. Bg5 h6 7. Bh4 Bf5 8. e3 Nbd7 9. Bd3 Bxd3 10. Qxd3 Be7 11. 0-0 0-0 12. Rab1 a5 13. Qc2 Re8 14. Rfc1 Nb6 15. Ne5 Nfd7 16. Bxe7 Rxe7 17. Nxd7 Qxd7 18. b3 Rae8 19. Na4 Nxa4 20. bxa4 f5 21. Qd2 f4 22. exf4 Qf5 23. g3 g5 24. Rb2 gxf4 25. Qxf4 Qxf4 26. gxf4 Rf8 27. Rcb1 Rxf4 28. Rxb7 Rxb7 29. Rxb7 Rxd4 30. Rc7 Rc4 31. f4 c5 32. Kg2 Rc3 33. Kf2 d4 34. Ke2 Rc2+ 35. Kd3 Rxa2 36. Rxc5 Rxa4 37. Rc7 Rb4 38. Ra7 a4 39. f5 Kf8 40. f6 Rb6 41. Rxa4 Rxf6 42. Rxd4 Rf3+ 43. Ke2 Rh3 1/2-1/2

[Event "Harrogate 4NCL op-A 29th"]
[Site "Harrogate"]
[Date "2023.01.22"]
[Round "4"]
[White "Wells, Peter K"]
[Black "Davies, Nigel Rodney"]
[Result "1/2-1/2"]
[WhiteElo "2370"]
[BlackElo "2398"]
[PlyCount "33"]
[EventDate "2023.01.20"]
[EventType "swiss"]
[EventRounds "5"]
[EventCountry "ENG"]
[SourceTitle "CBM 212 Extra"]
[Source "ChessBase"]
[SourceDate "2023.03.31"]
[SourceVersion "1"]
[SourceVersionDate "2023.03.31"]
[SourceQuality "1"]

1. d4 d6 2. Nf3 g6 3. c4 Nf6 4. Nc3 Bf5 5. g3 Bg7 6. Bg2 c6 7. 0-0 0-0 8. b3 Ne4 9. Bb2 Nxc3 10. Bxc3 Be4 11. Qd2 d5 12. Rac1 Nd7 13. cxd5 Bxd5 14. Qf4 Nf6 15. Rfe1 Ne4 16. Bb2 f5 17. h4 1/2-1/2